000 00598nam a2200217Ia 4500
005 20250326144255.0
008 250326s9999 xx 000 0 und d
020 _a0-415-33191-9
037 _aTextbook
040 _aFMSL
_beng
_cFMSL
041 _aeng
_2eng
084 _aX9S P5;2
_qFMSL
100 _aRam Mohan T T
_9387478
245 0 _aPrivatisation in India: challenging economic orthodoxy
_cRam Mohan T T
260 _aNY
_bNY, Routledge Curzon
_c2005
300 _axx,218
365 _b595
650 _aEconomics
942 _cTB
_hX9S P5;2
999 _c1303089
_d1303089